000 00678nam a2200181Ia 4500
008 100920s9999 xx 000 0 und d
082 _b88355
_a930 थ 0
100 _aचिपळूणकर विष्णुशास्त्री.
245 _aआमच्या देशाची स्थिती.
260 _bय. ग. जोशी प्रकाशन, पुणें.
_c0
300 _a95
_bसाधी
365 _b0.5
520 _aइतिहास.
630 _aआमच्या देशाची स्थिती.
650 _aइतिहास.
730 _aआमच्या देशाची स्थिती.
942 _cBOOK
999 _c728860
_d728857